| 000 | 00627cab a2200229 4500 | ||
|---|---|---|---|
| 001 | WB3415-04 | ||
| 008 | 090401t1998 xxu||||| |||| 00| 0 eng d | ||
| 035 | _a(Sirsi) u85601 | ||
| 041 | _aeng | ||
| 245 | _aConstruction output | ||
| 260 | _c1998 | ||
| 350 | _a0 | ||
| 490 |
_aConstruction News _v(6560) 9 April 1998, 5(1) |
||
| 520 | _aTop forecasters predict a rise of up to 4% in construction output during 1998. | ||
| 650 | _aCONSTRUCTION MARKET | ||
| 650 | _aCONSTRUCTION OUTPUT | ||
| 650 | _aCONSTRUCTION WORKLOAD | ||
| 650 | _aFORECASTS | ||
| 690 | _aBUILT ENVIRONMENT | ||
| 942 | _n0 | ||
| 948 | _c15/04/1998 | ||
| 999 |
_c53827 _d53827 |
||